Phương pháp giải toán quang lí & vật lí nguyên tử hạt nhân lớp 12 : Luyện thi tú tài; Thi tuyển đạihọc, cao đẳng /
Enregistré dans:
| Auteur principal: | |
|---|---|
| Format: | Sách giấy |
| Langue: | Vietnamese |
| Publié: |
Tp. Hồ Chí Minh :
Nxb. Tp. Hồ Chí Minh,
1998.
|
| Sujets: | |
| Tags: |
Ajouter un tag
Pas de tags, Soyez le premier à ajouter un tag!
|
| Thư viện lưu trữ: | Thư viện Trường Đại học Đà Lạt |
|---|
| LEADER | 00885nam a2200313 4500 | ||
|---|---|---|---|
| 001 | DLU090102923 | ||
| 005 | ##20091228 | ||
| 040 | # | # | |a DLU |b vie |
| 041 | # | # | |a vie |
| 044 | # | # | |a vn |
| 082 | # | # | |a 530.076 |b NG-T |
| 100 | # | # | |a Nguyễn Trần Trác, |c TS. |
| 245 | # | # | |a Phương pháp giải toán quang lí & vật lí nguyên tử hạt nhân lớp 12 : |b Luyện thi tú tài; Thi tuyển đạihọc, cao đẳng / |c Nguyễn Trần Trác. |
| 260 | # | # | |a Tp. Hồ Chí Minh : |b Nxb. Tp. Hồ Chí Minh, |c 1998. |
| 300 | # | # | |a 175 tr. ; |c 21 cm. |
| 653 | # | # | |a Quang lý học |
| 653 | # | # | |a Sách bài tập |
| 653 | # | # | |a Vật lý hạt nhân |
| 923 | # | # | |a 15/2009 |
| 991 | # | # | |a GT |
| 992 | # | # | |a 10500 |
| 994 | # | # | |a DLU |
| 900 | # | # | |a True |
| 911 | # | # | |a Đào Thị Thu Huyền |
| 925 | # | # | |a G |
| 926 | # | # | |a A |
| 927 | # | # | |a SH |
| 980 | # | # | |a Thư viện Trường Đại học Đà Lạt |